[Event "19th EUR-ch"]
[Site "Batumi GEO"]
[Date "2018.03.17"]
[Round "1.144"]
[White "Goryachkina, Aleksandra"]
[Black "Suleymanli, Suleyman"]
[Result "1-0"]
[WhiteElo "2491"]
[BlackElo "1763"]
[EventDate "2018.03.17"]
[PlyCount "105"]

1.d4 d5 2.c4 c6 3.cxd5 cxd5 4.Bf4 Nf6 5.Nc3 e6 6.e3 a6 7.Bd3 Bd6 8.Bxd6 
Qxd6 9.f4 Nc6 10.Nf3 O-O 11.O-O Nd7 12.Rc1 f5 13.Na4 b5 14.Nc5 Nxc5 15.
Rxc5 Bb7 16.a4 bxa4 17.Qxa4 a5 18.Rfc1 Nb4 19.Bf1 Rfc8 20.Rxc8+ Bxc8 21.
Ne5 Bb7 22.Rc5 Qd8 23.Bb5 Bc8 24.Bc6 Ra7 25.Qa1 Ra6 26.Qc1 Na2 27.Qd1 Nb4 
28.Bb5 Ra8 29.Qh5 Ra7 30.Qg5 Qf8 31.h4 Kh8 32.h5 Kg8 33.b3 Rb7 34.h6 g6 
35.g4 fxg4 36.Nxg4 Rf7 37.Qe5 Na2 38.Be8 Rf5 39.Rxc8 Rxe5 40.dxe5 Nc1 41.
Nf6+ Kh8 42.Bd7 Qxc8 43.Bxc8 Nxb3 44.Bxe6 a4 45.Nxd5 a3 46.Nc3 Nc5 47.Ba2 
g5 48.f5 Nd7 49.e6 Nf6 50.e7 g4 51.Ne4 Ne8 52.f6 g3 53.f7 1-0

[Event "19th EUR-ch"]
[Site "Batumi GEO"]
[Date "2018.03.17"]
[Round "1.145"]
[White "Lomaia, Diana"]
[Black "Santos Ruiz, Miguel"]
[Result "0-1"]
[WhiteElo "1742"]
[BlackElo "2488"]
[EventDate "2018.03.17"]
[PlyCount "74"]

1.e4 c5 2.Nf3 d6 3.d4 cxd4 4.Nxd4 Nf6 5.Bd3 Nc6 6.Nxc6 bxc6 7.Qe2 g6 8.O-O
Bg7 9.c4 O-O 10.Nc3 Nd7 11.Be3 a5 12.Rad1 a4 13.a3 Ne5 14.h3 Qa5 15.f4 
Nxd3 16.Qxd3 Rb8 17.Bd2 Rxb2 18.Ne2 Qb6+ 19.Be3 Qb3 20.Nd4 Qxd3 21.Rxd3 
Bb7 22.Bc1 Ra2 23.Re1 c5 24.Nf3 Ba6 25.Nd2 Bd4+ 26.Kh1 Rc2 27.Nf3 Bc3 28.
Bd2 Bg7 29.Bc1 Bxc4 30.Rd2 Rxd2 31.Bxd2 Rb8 32.Rc1 Bd3 33.e5 Be4 34.exd6 
exd6 35.Rc4 Bd5 36.Rxa4 Bxf3 37.gxf3 Rb1+ 0-1

[Event "19th EUR-ch"]
[Site "Batumi GEO"]
[Date "2018.03.17"]
[Round "1.146"]
[White "Mikaelyan, Arman"]
[Black "Pipia, Ekaterine"]
[Result "1-0"]
[WhiteElo "2486"]
[BlackElo "1737"]
[EventDate "2018.03.17"]
[PlyCount "74"]

1.Nf3 d5 2.g3 Nf6 3.Bg2 e6 4.O-O c5 5.d3 Nc6 6.Nbd2 Be7 7.e4 O-O 8.Re1 b6 
9.e5 Nd7 10.Nf1 Bb7 11.h4 Qc7 12.Bf4 b5 13.h5 Nd4 14.N3h2 a5 15.Qd2 b4 16.
Ne3 Nb5 17.Neg4 Kh8 18.h6 g6 19.Bg5 Bxg5 20.Qxg5 Qd8 21.Qf4 a4 22.a3 bxa3 
23.bxa3 Nd4 24.Rab1 Bc6 25.c4 Qe7 26.Nf3 Nxf3+ 27.Bxf3 Rab8 28.Rxb8 Nxb8 
29.cxd5 exd5 30.Nf6 d4 31.Bg4 Rd8 32.e6 Nd7 33.Nxd7 Rxd7 34.Kf1 Rb7 35.
exf7 Qxf7 36.Qe5+ Kg8 37.Be6 Qxe6 1-0

[Event "19th EUR-ch"]
[Site "Batumi GEO"]
[Date "2018.03.17"]
[Round "1.147"]
[White "Tskipurishvili, Daviti"]
[Black "Bellaiche, Anthony"]
[Result "0-1"]
[WhiteElo "1710"]
[BlackElo "2485"]
[EventDate "2018.03.17"]
[PlyCount "77"]

1.d4 d5 2.Nf3 Nf6 3.c4 c6 4.Nc3 e6 5.cxd5 exd5 6.Bg5 Be7 7.e3 Bf5 8.Bd3 
Bxd3 9.Qxd3 Nbd7 10.O-O O-O 11.Bxf6 Nxf6 12.Rab1 a5 13.a3 Bd6 14.b4 axb4 
15.axb4 b5 16.Qc2 Qe7 17.Qb2 Nd7 18.Rfe1 f5 19.Ne2 Nb6 20.Nd2 Ra4 21.Qc2 
Bxb4 22.Qxc6 Bxd2 23.Red1 Ba5 24.Qc5 Qd7 25.Qxb5 Qxb5 26.Rxb5 g5 27.h3 Ra2
28.Rdb1 Nc4 29.Nc1 Rc2 30.Nb3 Na3 31.Nxa5 Nxb1 32.Rxb1 Rfc8 33.Rb5 Ra2 34.
Rxd5 Rc1+ 35.Kh2 Rxf2 36.Rd8+ Kf7 37.Rd7+ Ke6 38.Nb3 Rcc2 39.Nc5+ 0-1

[Event "19th EUR-ch"]
[Site "Batumi GEO"]
[Date "2018.03.17"]
[Round "1.148"]
[White "Pavlov, Sergey"]
[Black "Martsvalashvili, Ruzvelt"]
[Result "1-0"]
[WhiteElo "2485"]
[BlackElo "1671"]
[EventDate "2018.03.17"]
[PlyCount "47"]

1.c4 g6 2.Nf3 Nf6 3.Nc3 d5 4.cxd5 Nxd5 5.Qc2 Nc6 6.d4 Bg7 7.e4 Ndb4 8.Qb3 
Bxd4 9.Bc4 e6 10.O-O Bg7 11.Bg5 f6 12.Be3 Qe7 13.a3 Na6 14.Bxa6 bxa6 15.
Qc4 Bd7 16.Rfd1 Kf7 17.Bc5 Qe8 18.Qxa6 Rb8 19.b4 f5 20.Rac1 Bxc3 21.Rxc3 
h6 22.b5 fxe4 23.bxc6 exf3 24.cxd7 1-0

[Event "19th EUR-ch"]
[Site "Batumi GEO"]
[Date "2018.03.17"]
[Round "1.149"]
[White "Valiyev, Shahin"]
[Black "Girya, Olga"]
[Result "0-1"]
[WhiteElo "1634"]
[BlackElo "2482"]
[EventDate "2018.03.17"]
[PlyCount "70"]

1.e4 c6 2.d4 d5 3.Nc3 dxe4 4.Nxe4 Bf5 5.Ng3 Bg6 6.h4 h6 7.Nf3 Nd7 8.h5 Bh7
9.Bd3 Bxd3 10.Qxd3 e6 11.Bf4 Qa5+ 12.Bd2 Bb4 13.c3 Be7 14.c4 Qc7 15.O-O-O 
Ngf6 16.Bc3 O-O 17.Qe2 a5 18.Kb1 Bb4 19.Rc1 Rfd8 20.Ne4 Nxe4 21.Qxe4 Nf6 
22.Qe2 Bxc3 23.Rxc3 a4 24.Rh4 a3 25.b3 Qa5 26.Rc1 c5 27.Qe1 cxd4 28.Qxa5 
Rxa5 29.Nxd4 Rxh5 30.Rxh5 Nxh5 31.Nb5 Nf4 32.g3 Ne2 33.Nxa3 Nxc1 34.Kxc1 
h5 35.Nb5 g5 0-1

[Event "19th EUR-ch"]
[Site "Batumi GEO"]
[Date "2018.03.17"]
[Round "1.150"]
[White "Stefanova, Antoaneta"]
[Black "Shamatava, Nikolozi"]
[Result "1-0"]
[WhiteElo "2481"]
[BlackElo "1570"]
[EventDate "2018.03.17"]
[PlyCount "73"]

1.d4 Nf6 2.Nf3 e6 3.e3 b6 4.Bd3 Bb7 5.O-O Be7 6.c4 O-O 7.Nc3 d5 8.b3 c5 9.
Bb2 Nc6 10.cxd5 exd5 11.dxc5 bxc5 12.Rc1 Nb4 13.Bb1 Rc8 14.a3 Na6 15.Bf5 
Rb8 16.Na4 Bd6 17.Qe2 Qe7 18.Rfd1 d4 19.Bd3 Nc7 20.exd4 Qxe2 21.Bxe2 cxd4 
22.Bxd4 Bxf3 23.gxf3 Nfd5 24.b4 a5 25.bxa5 Bxa3 26.Ra1 Be7 27.a6 Nf4 28.
Bf1 Nce6 29.a7 Ra8 30.Be3 Bf6 31.Ra2 Rfd8 32.Rxd8+ Bxd8 33.Ba6 Nh3+ 34.Kf1
Bg5 35.Rb2 Nc7 36.Rb8+ Bd8 37.Bb7 1-0

[Event "19th EUR-ch"]
[Site "Batumi GEO"]
[Date "2018.03.18"]
[Round "2.1"]
[White "Deac, Bogdan-Daniel"]
[Black "Wojtaszek, Radoslaw"]
[Result "1-0"]
[WhiteElo "2572"]
[BlackElo "2738"]
[EventDate "2018.03.17"]
[PlyCount "95"]

1.Nf3 Nf6 2.c4 e6 3.g3 d5 4.Bg2 Be7 5.d4 O-O 6.O-O Nbd7 7.Qc2 c6 8.Rd1 b6 
9.Bf4 Ba6 10.Ne5 Rc8 11.cxd5 Nxd5 12.Nxc6 Nb4 13.Qa4 Nxc6 14.Bxc6 Bxe2 15.
Rc1 Nb8 16.Bg2 Qd7 17.Qxd7 Rxc1+ 18.Bxc1 Nxd7 19.Nc3 Bc4 20.Bf4 Nf6 21.Rc1
Rd8 22.Be3 Kf8 23.a4 Bb3 24.Nb5 a6 25.Nc7 Bxa4 26.Nxa6 Nd5 27.Bxd5 exd5 
28.Bd2 Bb5 29.Nb4 Bf6 30.Be3 g5 31.Rc7 g4 32.h3 gxh3 33.Rb7 Be2 34.Rxb6 
Kg7 35.Kh2 Bf1 36.g4 Bh4 37.Bh6+ Kg8 38.Be3 f6 39.Rb7 Ra8 40.Nc6 f5 41.g5 
f4 42.Ne7+ Kf8 43.Bxf4 Ba6 44.Rc7 Bd3 45.Nxd5 Rd8 46.Nf6 h6 47.Nh7+ Kg8 
48.Be5 1-0

[Event "19th EUR-ch"]
[Site "Batumi GEO"]
[Date "2018.03.18"]
[Round "2.2"]
[White "Petrosian, Manuel"]
[Black "Vallejo Pons, Francisco"]
[Result "0-1"]
[WhiteElo "2569"]
[BlackElo "2716"]
[EventDate "2018.03.17"]
[PlyCount "106"]

1.d4 e6 2.c4 Nf6 3.Nf3 b6 4.g3 c6 5.Bg2 d5 6.O-O Be7 7.Nbd2 O-O 8.Qc2 c5 
9.dxc5 bxc5 10.cxd5 exd5 11.e4 Nc6 12.a3 Ba6 13.Re1 dxe4 14.Nxe4 Bd3 15.
Nxf6+ Bxf6 16.Qxc5 Na5 17.Bf4 Nb3 18.Qe3 Nxa1 19.Rxa1 Bb5 20.Ne5 Rc8 21.
Qxa7 g5 22.Qb7 Rb8 23.Nxf7 Rxb7 24.Nxd8 Rd7 25.Ne6 gxf4 26.Nxf8 Kxf8 27.
Bf3 Bxb2 28.Rb1 Rd2 29.Rd1 Rxd1+ 30.Bxd1 Bc6 31.gxf4 Bxa3 32.f3 Bd6 33.f5 
Kg7 34.Kg2 Kf6 35.Bc2 Kg5 36.Be4 Bb5 37.Bc2 h6 38.Be4 Be5 39.Bc2 Kf4 40.
Be4 Bf6 41.Bc2 Bc4 42.Be4 h5 43.Bc6 h4 44.h3 Kxf5 45.Bb7 Kf4 46.Bc6 Be7 
47.Bb7 Bd6 48.Bc6 Ke3 49.f4 Bxf4 50.Bf3 Bc7 51.Bc6 Ke2 52.Bf3+ Ke1 53.Bg4 
Bd5+ 0-1

[Event "19th EUR-ch"]
[Site "Batumi GEO"]
[Date "2018.03.18"]
[Round "2.4"]
[White "Stocek, Jiri"]
[Black "Mamedov, Rauf"]
[Result "1/2-1/2"]
[WhiteElo "2567"]
[BlackElo "2709"]
[EventDate "2018.03.17"]
[PlyCount "123"]

1.d4 d5 2.c4 e6 3.Nf3 a6 4.Nbd2 Nf6 5.g3 b6 6.Bg2 Bb7 7.O-O Be7 8.Ne5 O-O 
9.Ndf3 Ne4 10.Qc2 c5 11.Rd1 Qc8 12.b3 a5 13.Bb2 Na6 14.Rac1 Qe8 15.Qb1 Rd8
16.e3 Bf6 17.Nd3 Qe7 18.Nf4 g6 19.dxc5 Naxc5 20.cxd5 exd5 21.Qa1 Bxb2 22.
Qxb2 Rfe8 23.Rc2 Rd6 24.b4 axb4 25.Qxb4 Bc6 26.Nd4 Bb7 27.Nb5 Rf6 28.Nc3 
Nxc3 29.Qxc3 Rd8 30.Nxd5 Bxd5 31.Rxd5 Rxd5 32.Bxd5 Rd6 33.Bf3 Qd7 34.Kg2 
Qf5 35.g4 Qd7 36.h3 Qd8 37.Kg1 Rd3 38.Qe5 Rd1+ 39.Kh2 Rd6 40.Bg2 Rd1 41.g5
Rd6 42.Rc4 Rd2 43.Rd4 Rxd4 44.exd4 Nd3 45.Qe3 Nb4 46.Qd2 Nd5 47.Bxd5 Qd6+ 
48.Kg2 Qxd5+ 49.Kg3 Qd6+ 50.f4 Qd5 51.Qb4 Qe6 52.Qd2 Qd5 53.h4 h5 54.gxh6 
Kh7 55.Kh2 f5 56.a3 Kxh6 57.Qe3 Qa2+ 58.Kg3 Qc4 59.Kh2 Qc2+ 60.Kh3 Qd1 61.
Kg3 Qg4+ 62.Kf2 1/2-1/2

[Event "19th EUR-ch"]
[Site "Batumi GEO"]
[Date "2018.03.18"]
[Round "2.5"]
[White "Skoberne, Jure"]
[Black "Cheparinov, Ivan"]
[Result "1-0"]
[WhiteElo "2563"]
[BlackElo "2693"]
[EventDate "2018.03.17"]
[PlyCount "87"]

1.d4 f5 2.Bf4 Nf6 3.e3 e6 4.Nf3 b6 5.Be2 Be7 6.h3 Bb7 7.O-O O-O 8.c4 Ne4 
9.Nbd2 Bf6 10.Nxe4 fxe4 11.Nd2 Bxd4 12.Qc2 Na6 13.Bh2 Bf6 14.Rad1 Qc8 15.
Nxe4 Bxe4 16.Qxe4 Bxb2 17.Bd3 g6 18.Bb1 Nc5 19.Qg4 Rf7 20.h4 Rg7 21.Bf4 
Kh8 22.Bh6 Rg8 23.f4 Qe8 24.Rf3 Qf7 25.Rh3 Bg7 26.Bg5 h5 27.Qe2 e5 28.fxe5
Bxe5 29.Rf3 Qe6 30.Rdf1 Rae8 31.Rf6 Qg4 32.Qxg4 hxg4 33.Bxg6 Re6 34.h5 
Bxf6 35.Bxf6+ Rxf6 36.Rxf6 Kg7 37.Rf7+ Kh6 38.Kh2 Rg7 39.Rxg7 Kxg7 40.Kg3 
Kf6 41.Kxg4 Nb7 42.Bd3 Nd6 43.h6 Nf7 44.Kh5 1-0

[Event "19th EUR-ch"]
[Site "Batumi GEO"]
[Date "2018.03.18"]
[Round "2.6"]
[White "Chigaev, Maksim"]
[Black "Kuzubov, Yuriy"]
[Result "0-1"]
[WhiteElo "2560"]
[BlackElo "2689"]
[EventDate "2018.03.17"]
[PlyCount "90"]

1.e4 e5 2.Nf3 Nf6 3.Nc3 Nc6 4.g3 d5 5.exd5 Nxd5 6.Bg2 Nxc3 7.bxc3 Bd6 8.
O-O O-O 9.Rb1 Rb8 10.d3 Bf5 11.h3 b6 12.Ng5 Qd7 13.g4 Bg6 14.h4 f6 15.h5 
Be8 16.Ne4 h6 17.Ng3 Bf7 18.Nf5 Ne7 19.Be4 Bxa2 20.Ra1 Bd5 21.Rxa7 Bxe4 
22.dxe4 Qe6 23.Qxd6 cxd6 24.Rxe7 Qa2 25.Rxg7+ Kh8 26.Rg6 Rb7 27.Bxh6 Rg8 
28.Rd1 Kh7 29.Rxd6 Rxg6 30.hxg6+ Kxg6 31.Be3 Qxc2 32.Ng3 b5 33.g5 Rf7 34.
Bd2 Qa4 35.Kg2 Qc4 36.Rb6 Qd3 37.Be3 Kh7 38.gxf6 Kg6 39.Kh3 Rxf6 40.Rb8 
Rf7 41.Rb6+ Rf6 42.Rb7 Qc4 43.Kg2 Ra6 44.Kf3 Ra4 45.Kg4 Qc8+ 0-1

[Event "19th EUR-ch"]
[Site "Batumi GEO"]
[Date "2018.03.18"]
[Round "2.7"]
[White "Jobava, Baadur"]
[Black "Moroni, Luca jr"]
[Result "1/2-1/2"]
[WhiteElo "2685"]
[BlackElo "2559"]
[EventDate "2018.03.17"]
[PlyCount "205"]

1.c4 e6 2.g3 d5 3.Bg2 Nf6 4.Nf3 dxc4 5.O-O a6 6.a4 Nc6 7.a5 Be7 8.Qa4 O-O 
9.Qxc4 e5 10.d3 Be6 11.Qa4 Nd7 12.Be3 Nc5 13.Bxc5 Bxc5 14.Rc1 Qe7 15.e3 
Rad8 16.Ne1 Nb4 17.Nc3 c6 18.Ne4 Ba7 19.Ng5 Bd7 20.Qb3 c5 21.Ne4 Bb5 22.
Nc3 Nxd3 23.Nxd3 Rxd3 24.Bd5 Rd8 25.Rd1 c4 26.Bxc4 Rxd1+ 27.Rxd1 Rxd1+ 28.
Nxd1 Bxc4 29.Qxc4 Qc5 30.Qe4 Qxa5 31.Qxb7 Bc5 32.Nc3 Bf8 33.Kg2 h6 34.g4 
Qa1 35.h3 Qc1 36.Ne4 Qc2 37.b3 Qd3 38.Ng3 a5 39.Ne4 Qd1 40.Qb5 Bb4 41.Qe8+
Bf8 42.Qxe5 Qxb3 43.Qxa5 Qb7 44.Qf5 Qa8 45.h4 Be7 46.h5 Qc6 47.Qf3 Qc8 48.
Ng3 Bf6 49.Nf5 Qd7 50.e4 Be5 51.Qb3 Qc7 52.Qd5 Bf6 53.Nd6 Qd7 54.Kg3 Qc7 
55.e5 Bg5 56.Qb7 Qxb7 57.Nxb7 Bd2 58.f4 Kf8 59.Kf3 Ke7 60.Nd6 Bb4 61.Nf5+ 
Kf8 62.Ke4 Bd2 63.Nd4 Bc1 64.Nb3 Bb2 65.Kd5 Ke7 66.Nd4 Bc1 67.Ke4 Bb2 68.
Nf5+ Kf8 69.Ne3 Ke7 70.Kf5 Bc1 71.Nd5+ Kd7 72.g5 hxg5 73.fxg5 Ke8 74.g6 
Kf8 75.Ke4 Ke8 76.Nb6 Ke7 77.Kd5 fxg6 78.hxg6 Ba3 79.Nc4 Bb4 80.Ne3 Bc3 
81.Nf5+ Kf8 82.Nd6 Ke7 83.Ne4 Bb2 84.Ng5 Bc1 85.Ne6 Bh6 86.Nd4 Bc1 87.Nf5+
Kf8 88.Ke6 Bb2 89.Kd6 Ba3+ 90.Kd5 Bc1 91.Kd6 Ba3+ 92.Kd7 Bb2 93.e6 Ba3 94.
Ng3 Bb4 95.Ne2 Ba3 96.Nd4 Be7 97.Nf3 Bf6 98.Nd4 Be7 99.Nb5 Bb4 100.Nc7 Be7
101.Nd5 Ba3 102.e7+ Bxe7 103.Nxe7 1/2-1/2

[Event "19th EUR-ch"]
[Site "Batumi GEO"]
[Date "2018.03.18"]
[Round "2.8"]
[White "Inarkiev, Ernesto"]
[Black "Savchenko, Boris"]
[Result "1-0"]
[WhiteElo "2684"]
[BlackElo "2550"]
[EventDate "2018.03.17"]
[PlyCount "53"]

1.d4 Nf6 2.c4 g6 3.f3 c5 4.d5 e6 5.Nh3 b5 6.dxe6 fxe6 7.cxb5 d5 8.e4 Bg7 
9.Be2 O-O 10.O-O a6 11.Nc3 axb5 12.Nxb5 Nc6 13.Be3 d4 14.Bg5 Qb6 15.Nf2 
Ne8 16.a4 Na5 17.Rc1 c4 18.Bxc4 Nxc4 19.Rxc4 Ba6 20.Be7 Bxb5 21.Bc5 Bxc4 
22.Bxb6 Bxf1 23.Kxf1 Nf6 24.Qb3 Rfe8 25.Nd3 Nd7 26.Bc7 Kh8 27.Qb5 1-0

[Event "19th EUR-ch"]
[Site "Batumi GEO"]
[Date "2018.03.18"]
[Round "2.9"]
[White "Ter-Sahakian, Samvel"]
[Black "Naer, Evgeny"]
[Result "0-1"]
[WhiteElo "2553"]
[BlackElo "2683"]
[EventDate "2018.03.17"]
[PlyCount "79"]

1.e4 c5 2.Nf3 Nc6 3.Bb5 g6 4.O-O Bg7 5.Nc3 e5 6.a3 Nge7 7.b4 d6 8.d3 O-O 
9.Bc4 h6 10.Rb1 b6 11.Nd5 Bd7 12.Re1 Rc8 13.bxc5 dxc5 14.Bb2 Nd4 15.Nxe7+ 
Qxe7 16.c3 Nxf3+ 17.Qxf3 Be6 18.Bxe6 Qxe6 19.c4 Rfd8 20.Re3 b5 21.Qe2 b4 
22.h4 h5 23.axb4 cxb4 24.Ra1 Qb6 25.Qc2 Rd7 26.Qb3 a5 27.Rf3 Ra8 28.Ra4 
Ra6 29.Bc1 Kh7 30.Qa2 Qd8 31.Bg5 f6 32.Bd2 Rxd3 33.Rxd3 Qxd3 34.Bxb4 Rb6 
35.Bxa5 Rb1+ 36.Kh2 Qd1 37.Bd8 g5 38.hxg5 Qh1+ 39.Kg3 h4+ 40.Kf3 0-1

[Event "19th EUR-ch"]
[Site "Batumi GEO"]
[Date "2018.03.18"]
[Round "2.10"]
[White "Sargissian, Gabriel"]
[Black "Santos Latasa, Jaime"]
[Result "1-0"]
[WhiteElo "2677"]
[BlackElo "2549"]
[EventDate "2018.03.17"]
[PlyCount "69"]

1.d4 Nf6 2.c4 g6 3.Nc3 Bg7 4.e4 d6 5.Nf3 O-O 6.Be2 e5 7.O-O Nbd7 8.Be3 Qe7
9.Qc2 c6 10.d5 Ng4 11.Bg5 f6 12.Bd2 c5 13.Nb5 Nb8 14.b4 Na6 15.Ne1 cxb4 
16.f3 Nh6 17.Nd3 f5 18.c5 dxc5 19.d6 Qd8 20.Nxc5 fxe4 21.fxe4 Bg4 22.Bxh6 
Bxh6 23.Bxg4 Be3+ 24.Kh1 Nxc5 25.Qc4+ Kh8 26.Rxf8+ Qxf8 27.Rf1 Qh6 28.d7 
Qh4 29.Qd5 Bf4 30.Bh3 Nxd7 31.Qxd7 Rd8 32.Qxb7 Qf2 33.g3 Rd1 34.Qa8+ Kg7 
35.Qxa7+ 1-0

[Event "19th EUR-ch"]
[Site "Batumi GEO"]
[Date "2018.03.18"]
[Round "2.11"]
[White "Huschenbeth, Niclas"]
[Black "Demchenko, Anton"]
[Result "1/2-1/2"]
[WhiteElo "2549"]
[BlackElo "2672"]
[EventDate "2018.03.17"]
[PlyCount "66"]

1.e4 c5 2.Nf3 Nc6 3.d4 cxd4 4.Nxd4 Nf6 5.Nc3 d6 6.Bg5 e6 7.Qd2 a6 8.O-O-O 
Bd7 9.f4 Be7 10.Nf3 b5 11.Bxf6 gxf6 12.Kb1 Qb6 13.f5 O-O-O 14.Ne2 Kb8 15.
Nf4 Bc8 16.fxe6 fxe6 17.c3 d5 18.exd5 e5 19.Nh5 Be6 20.Bd3 Bxd5 21.Qe2 b4 
22.c4 Bxf3 23.Qxf3 Nd4 24.Qf2 Rhf8 25.g4 Bc5 26.Qg3 h6 27.Be4 a5 28.Rhf1 
Ka7 29.Qg2 a4 30.Ng3 a3 31.b3 Ne6 32.Nf5 Rxd1+ 33.Rxd1 Rd8 1/2-1/2

[Event "19th EUR-ch"]
[Site "Batumi GEO"]
[Date "2018.03.18"]
[Round "2.12"]
[White "Berkes, Ferenc"]
[Black "Shevchenko, Kirill"]
[Result "1-0"]
[WhiteElo "2671"]
[BlackElo "2545"]
[EventDate "2018.03.17"]
[PlyCount "97"]

1.d4 Nf6 2.Nf3 e6 3.c4 b6 4.a3 Bb7 5.Nc3 d5 6.Bg5 Be7 7.Qa4+ c6 8.Bxf6 
Bxf6 9.cxd5 exd5 10.g3 O-O 11.Bg2 Nd7 12.O-O c5 13.Rad1 cxd4 14.Nxd4 Nc5 
15.Qc2 Qd7 16.e3 Ne6 17.Nde2 Bxc3 18.Nxc3 Nc7 19.Rd2 Rfe8 20.Rfd1 Rad8 21.
h4 h6 22.Kh2 Qd6 23.Qa4 Qc6 24.Qxc6 Bxc6 25.Nxd5 Nxd5 26.Bxd5 Bxd5 27.Rxd5
Rc8 28.h5 Kf8 29.g4 Rc2 30.R1d2 Rec8 31.Kg3 Rxd2 32.Rxd2 Ke7 33.e4 Rc4 34.
Kf4 Rc1 35.Kf5 Rc5+ 36.e5 Rc4 37.f4 Rc1 38.Rd3 Rg1 39.Rc3 Kd7 40.b4 Rg2 
41.Re3 Rf2 42.Re4 Rf1 43.b5 Rc1 44.Ra4 Rc7 45.g5 Ke7 46.g6 Ke8 47.Rd4 Re7 
48.gxf7+ Kxf7 49.Rd7 1-0

[Event "19th EUR-ch"]
[Site "Batumi GEO"]
[Date "2018.03.18"]
[Round "2.13"]
[White "Korobov, Anton"]
[Black "Boruchovsky, Avital"]
[Result "1/2-1/2"]
[WhiteElo "2664"]
[BlackElo "2542"]
[EventDate "2018.03.17"]
[PlyCount "68"]

1.d4 Nf6 2.c4 e6 3.Nf3 d5 4.Nc3 c5 5.cxd5 Nxd5 6.e4 Nxc3 7.bxc3 cxd4 8.
cxd4 Bb4+ 9.Bd2 Bxd2+ 10.Qxd2 O-O 11.Bc4 Nd7 12.O-O b6 13.Rfe1 Bb7 14.Rad1
Rc8 15.Bb3 Qf6 16.Qe3 h6 17.h3 Rfd8 18.Nh2 Qe7 19.Ng4 h5 20.Nh2 Nf6 21.f3 
Qb4 22.Nf1 a5 23.d5 exd5 24.e5 Nh7 25.Ng3 Rc3 26.Qf2 Ng5 27.Rd4 Qc5 28.Ne4
Nxe4 29.fxe4 a4 30.Rf1 axb3 31.Qxf7+ Kh7 32.Qxh5+ Kg8 33.Qf7+ Kh7 34.Qh5+ 
Kg8 1/2-1/2

[Event "19th EUR-ch"]
[Site "Batumi GEO"]
[Date "2018.03.18"]
[Round "2.14"]
[White "Palac, Mladen"]
[Black "Melkumian, Hrant"]
[Result "0-1"]
[WhiteElo "2546"]
[BlackElo "2664"]
[EventDate "2018.03.17"]
[PlyCount "94"]

1.e4 e5 2.Nf3 Nc6 3.Bb5 a6 4.Ba4 Nf6 5.O-O Be7 6.Re1 b5 7.Bb3 O-O 8.c3 d5 
9.exd5 Nxd5 10.Nxe5 Nxe5 11.Rxe5 c6 12.d3 Bd6 13.Re1 Bf5 14.Qf3 Qh4 15.g3 
Qh3 16.Be3 Bxd3 17.Nd2 Qf5 18.Bd4 Rfd8 19.a4 Bf8 20.axb5 axb5 21.Bxd5 cxd5
22.Qxf5 Bxf5 23.b4 f6 24.Kg2 Ra4 25.Rxa4 bxa4 26.Ra1 Bd7 27.Nf3 Kf7 28.Be3
Rc8 29.Ra3 g5 30.Nd4 Bd6 31.Kf1 Be5 32.Ke2 h5 33.Kd3 h4 34.Ra1 Kg6 35.Rg1 
h3 36.Rb1 Bf5+ 37.Nxf5 Rxc3+ 38.Kd2 Kxf5 39.f4 gxf4 40.gxf4 Rxe3 41.Kxe3 
Bxf4+ 42.Kd3 Bxh2 43.Rh1 Be5 44.Rxh3 a3 45.Rf3+ Ke6 46.Rf2 Kd6 47.Rg2 Kc6 
0-1

[Event "19th EUR-ch"]
[Site "Batumi GEO"]
[Date "2018.03.18"]
[Round "2.15"]
[White "Lenic, Luka"]
[Black "Stupak, Kirill"]
[Result "1/2-1/2"]
[WhiteElo "2662"]
[BlackElo "2541"]
[EventDate "2018.03.17"]
[PlyCount "165"]

1.d4 Nf6 2.c4 e6 3.Nc3 Bb4 4.Qc2 O-O 5.a3 Bxc3+ 6.Qxc3 d5 7.Bg5 dxc4 8.
Qxc4 b6 9.Rd1 Ba6 10.Qa4 Qd7 11.Qc2 Rc8 12.Bxf6 gxf6 13.e4 Bb7 14.Bc4 b5 
15.Ba2 Qc6 16.Qxc6 Nxc6 17.Ne2 Ne7 18.Nc3 c5 19.dxc5 Rxc5 20.Rd7 Bc8 21.
Rd8+ Kg7 22.Kd2 a6 23.Rc1 Ra7 24.Rd3 Rac7 25.Ne2 Rxc1 26.Nxc1 Bb7 27.Rg3+ 
Kf8 28.Bb1 Nc6 29.Rc3 Rd7+ 30.Ke1 b4 31.axb4 Nxb4 32.Nb3 Bc6 33.Nc5 Rd4 
34.Nxa6 Bxe4 35.Nxb4 Bxb1 36.Nc6 Rd7 37.f3 Rb7 38.b3 Ba2 39.Nd4 Rb4 40.Rd3
Bb1 41.Rd2 Bg6 42.Kf2 e5 43.Nc2 Rxb3 44.Ne3 h5 45.h4 Bd3 46.Ra2 f5 47.f4 
f6 48.g3 Kf7 49.Rd2 Ke6 50.Ra2 Kd6 51.Ra5 Rb2+ 52.Kg1 Ke6 53.Rd5 Be4 54.
Ra5 Re2 55.Ra3 Kd7 56.Kf1 Rh2 57.fxe5 fxe5 58.Ra5 Rh1+ 59.Ke2 Rh2+ 60.Kf1 
Ke6 61.Ra6+ Kf7 62.Ra7+ Kg6 63.Ra6+ Kg7 64.Ra7+ Kf6 65.Ra6+ Ke7 66.Ra5 
Bd3+ 67.Kg1 Re2 68.Rxe5+ Kf6 69.Re8 Be4 70.Nd5+ Kf7 71.Re7+ Kf8 72.Re5 
Rg2+ 73.Kf1 Rxg3 74.Nf6 Bb1 75.Nxh5 Rg4 76.Kf2 Rxh4 77.Ng3 f4 78.Ne2 Bg6 
79.Kf3 Bh5+ 80.Rxh5 Rxh5 81.Nxf4 Rc5 82.Ne6+ Ke7 83.Nxc5 1/2-1/2

[Event "19th EUR-ch"]
[Site "Batumi GEO"]
[Date "2018.03.18"]
[Round "2.16"]
[White "Nevednichy, Vladislav"]
[Black "Moiseenko, Olexandr"]
[Result "0-1"]
[WhiteElo "2542"]
[BlackElo "2659"]
[EventDate "2018.03.17"]
[PlyCount "126"]

1.e4 c5 2.Nf3 Nc6 3.d4 cxd4 4.Nxd4 Nf6 5.Nc3 e5 6.Ndb5 d6 7.Bg5 a6 8.Na3 
b5 9.Nd5 Be7 10.Bxf6 Bxf6 11.c4 b4 12.Nc2 O-O 13.g3 Bg5 14.h4 Bh6 15.Bh3 
Be6 16.Kf1 a5 17.Kg2 Nb8 18.Qd3 Nd7 19.Rad1 Nc5 20.Qf3 Ra7 21.b3 Kh8 22.
Rhe1 Qc8 23.Rh1 Bxh3+ 24.Rxh3 f5 25.exf5 Rxf5 26.Qe2 Raf7 27.Rf1 Rf3 28.
Ne1 e4 29.Rh2 Nd3 30.Qxe4 Rxf2+ 31.Rxf2 Nxf2 32.Nb6 Nxe4 33.Nxc8 Rf2+ 34.
Kh3 Rf8 35.Ne7 Nxg3 36.Nd3 Ne4 37.Kg4 Nf6+ 38.Kg3 g6 39.Re2 Nh5+ 40.Kg2 
Ng7 41.Kg3 Rf1 42.Kg2 Rd1 43.Nf2 Rd4 44.Nc6 Rxh4 45.Nxa5 Nh5 46.Re8+ Kg7 
47.Nc6 Bd2 48.Re4 Nf4+ 49.Kg3 g5 50.Re7+ Kg6 51.Rd7 Be1 52.Kf3 Bxf2 53.
Kxf2 Kf5 54.Nd4+ Kg4 55.Rxd6 Rh2+ 56.Ke3 h5 57.c5 Rh3+ 58.Ke4 Rc3 59.c6 h4
60.Nb5 Rc5 61.Kd4 Rc1 62.a4 h3 63.Rh6 Nh5 0-1

[Event "19th EUR-ch"]
[Site "Batumi GEO"]
[Date "2018.03.18"]
[Round "2.17"]
[White "Beliavsky, Alexander"]
[Black "Saric, Ivan"]
[Result "1/2-1/2"]
[WhiteElo "2537"]
[BlackElo "2657"]
[EventDate "2018.03.17"]
[PlyCount "104"]

1.d4 d5 2.c4 c6 3.cxd5 cxd5 4.Bf4 Nf6 5.Nc3 Nc6 6.e3 Bf5 7.Qb3 Na5 8.Qa4+ 
Bd7 9.Qc2 e6 10.Bd3 Nc6 11.a3 Nh5 12.Bg3 Nxg3 13.hxg3 g6 14.Nf3 Bg7 15.O-O
O-O 16.b4 Rc8 17.Rac1 a5 18.b5 Nb4 19.axb4 axb4 20.Qb3 bxc3 21.Rxc3 Qa5 
22.Rfc1 Rxc3 23.Qxc3 Qxc3 24.Rxc3 Rc8 25.Rxc8+ Bxc8 26.Kf1 f6 27.Ke2 Kf7 
28.Kd2 Ke7 29.Kc3 Kd6 30.Kb4 Bf8 31.Ka5 Be7 32.Kb6 Bd8+ 33.Ka7 Kc7 34.e4 
b6 35.exd5 exd5 36.Ne1 Be7 37.Nc2 Be6 38.Be2 f5 39.f4 Bf6 40.Bf3 h6 41.Ka6
Bh8 42.Ka7 Bg7 43.Ka6 Bf6 44.Ka7 g5 45.Bh5 gxf4 46.gxf4 Bh4 47.Bf3 Bf2 48.
Ka6 Bg1 49.Ka7 Bf7 50.Ka6 h5 51.Nb4 Bxd4 52.Nxd5+ Bxd5 1/2-1/2

[Event "19th EUR-ch"]
[Site "Batumi GEO"]
[Date "2018.03.18"]
[Round "2.18"]
[White "Arutinian, David"]
[Black "Piorun, Kacper"]
[Result "1/2-1/2"]
[WhiteElo "2536"]
[BlackElo "2653"]
[EventDate "2018.03.17"]
[PlyCount "57"]

1.d4 Nf6 2.c4 g6 3.Nf3 Bg7 4.g3 c6 5.Bg2 d5 6.O-O O-O 7.b3 dxc4 8.bxc4 c5 
9.Bb2 cxd4 10.Nxd4 Qb6 11.Qb3 Nfd7 12.e3 e5 13.Nb5 Nc5 14.Qa3 Be6 15.Nd2 
Rd8 16.Bc3 Rd7 17.Rab1 Bf8 18.Nd4 Qd8 19.Nxe6 Nxe6 20.Qc1 Nc5 21.Qc2 Nc6 
22.Ne4 Nd3 23.Rfd1 Be7 24.c5 Nxc5 25.Nxc5 Bxc5 26.Bxc6 bxc6 27.Bxe5 Bf8 
28.Ba1 Bg7 29.Bxg7 1/2-1/2

[Event "19th EUR-ch"]
[Site "Batumi GEO"]
[Date "2018.03.18"]
[Round "2.19"]
[White "Siugirov, Sanan"]
[Black "Ruck, Robert"]
[Result "1-0"]
[WhiteElo "2652"]
[BlackElo "2529"]
[EventDate "2018.03.17"]
[PlyCount "105"]

1.e4 c5 2.Nf3 e6 3.d4 cxd4 4.Nxd4 Nc6 5.Nc3 Qc7 6.Be3 a6 7.a3 b5 8.Nxc6 
Qxc6 9.Be2 Bb7 10.O-O Rc8 11.Qd3 Nf6 12.Rad1 b4 13.axb4 Bxb4 14.f3 Bxc3 
15.bxc3 d5 16.c4 O-O 17.cxd5 exd5 18.e5 Nd7 19.Bd4 f6 20.f4 fxe5 21.fxe5 
Nc5 22.Qh3 Ne6 23.Bd3 g6 24.Be3 Rxf1+ 25.Rxf1 Rf8 26.Rb1 Nf4 27.Bxf4 Rxf4 
28.e6 Rf6 29.Qg3 Rxe6 30.h4 Re7 31.h5 Qc7 32.Qh4 Bc8 33.hxg6 hxg6 34.Bxg6 
Qe5 35.Rf1 Bd7 36.Bd3 a5 37.Rf2 Rf7 38.Re2 Qa1+ 39.Re1 Qf6 40.Qg3+ Qg7 41.
Qb8+ Rf8 42.Qa7 Bf5 43.Qc5 Bxd3 44.cxd3 a4 45.Qxd5+ Qf7 46.Qc5 a3 47.Re4 
a2 48.Qg5+ Qg7 49.Qd5+ Qf7 50.Rg4+ Kh7 51.Qe4+ Qf5 52.Qe7+ Kh6 53.Qe3+ 1-0

[Event "19th EUR-ch"]
[Site "Batumi GEO"]
[Date "2018.03.18"]
[Round "2.20"]
[White "Baron, Tal"]
[Black "Jones, Gawain"]
[Result "0-1"]
[WhiteElo "2529"]
[BlackElo "2651"]
[EventDate "2018.03.17"]
[PlyCount "54"]

1.d4 Nf6 2.c4 g6 3.Nc3 Bg7 4.e4 d6 5.f3 O-O 6.Be3 c5 7.Nge2 Nc6 8.d5 Ne5 
9.Ng3 h5 10.Be2 h4 11.Nf1 e6 12.Bg5 Qb6 13.Qd2 exd5 14.cxd5 h3 15.gxh3 
Bxh3 16.Ne3 Nh7 17.Bf4 Qd8 18.Bg3 Ng5 19.Qd1 b5 20.f4 b4 21.Na4 Nxe4 22.
Qc2 Re8 23.fxe5 Bxe5 24.Nf1 Bxf1 25.Rxf1 Bxg3+ 26.hxg3 Nxg3 27.Rf2 Nxe2 
0-1